000 00362nam a22001217a 4500
008 150330b xxu||||| |||| 00| 0 eng d
020 _a9780071767347
020 _a0071767347
041 0 _aeng
080 _a332.81
245 1 4 _aThe Forex mindset :
_cJared F. Martinez.
942 _2udc
_cBK
999 _c627
_d627